000 00534nam a22001817a 4500
005 20251108165523.0
008 250721s1967 xx 000 0 ara d
082 1 4 _aم/910.4/خفا
100 1 _aالخفاجي، شهاب الدين
245 1 0 _aريحانه الألبا وزهره الحياه الدنيا /
264 1 _aالقاهرة :
_c1967.
300 _a2ج0
650 1 7 _aالرحلات
650 1 7 _aسفر
700 1 _aالحلو، عبد الفتاح محمد
_eمحقق
942 _2ddc
_cREF
999 _c29867
_d29867